00753nam a2200205 i 450000100060000000300090000600500170001500700030003200800410003510000470007624500530012326000340017630000300021049000370024065100540027783000450033185200320037699900170040895201220042521860ES-MaACL20251222213656.0t|021128s1964 sp ||||1| spa d1 aAlcolea Gil, Santiago, d1919-2008914549310aSoria y su provincia / c[Santiago Alcolea Gil]. aBarcelona : bAries, c[1964] a208 p. : bil. ; c17 cm.1 aGuías artísticas de España aSoria (Provincia)-vGuías turísticas.91719510 aGuías artísticas de España9180778 aES-MaACLjC-27050 bR.54453 c21860d21860 00104070aATENEOMbATENEOMcDEPO2d2008-01-17eSCl0oC-27050p1022467r2023-02-23 00:00:00w2023-02-23yMONOGRAFIA